01734nam a22002657i 4500003000900000005001700009007000300026008004100029020001800070040003100088041000800119082002400127100003900151245005500190246002400245264007300269300004600342336002700388337003400415338003100449500006000480505086800540650002801408650003201436DO-SdBNP20260529143624.0ta240411b2023 dr a|||| |||| 00| 0 spa d a9789945648294 aDO-SdBNPbspacBNPHU erda aspa 4aRD863.44bR175b222 aRamos, Emelda,d1948-eautor4aut.10aBurn the river!=¡Quemen el río! /cEmelda Ramos10a¡Quemen el río!  1aSanto Domingo, República Dominicana :bEditorial Santuario,c2023. a105 páginas :bilustraciones ;c23 cm.  atexto2rdacontentbtxt asin mediaciónbn2rdamedia  avolumen bnc2rdacarrier  aIncluye datos biográficos de la autora en las solapas aDedicatoria, 7.-- Aclaratoria, 9.-- Desapercibido, 11.-- Estelas de un oscuro tiempo, 17.-- Una mujer, un río, 24.-- Hojas de luz en la corriente, 47.-- Siembra y gavilla – El incendio se acerca, 63.-- La batalla jamás contada, 75.-- El combate del tiempo, 85.-- Los escombros del repudio, 89.-- El reencuentro con historia, 97.-- Índice de imágenes / Autobús de los años 60, 11.-- Muelle del Puerto de Santo Domingo. Época de la Intervención Norteamericana, 17.-- Galápago, silla de montar para mujer.-- Amazona y su caballo, 24.-- Río de orillas boscosas, 47.-- Histórica fotografía de Juanico y Fredesvinda en 1916, 63.-- Marines disparando.-- Río en llamas, 75.-- Cerro de la cruz y Loma azul, 85.-- Cuadro de Hans Zatzka : Ninfas en el lago del bosque, 89.-- Lo ofrendado a las Altagracia – Joya de mujer Revolver gavillero, 97. 7aNovela dominicana2LEMB 7aLiteratura dominicana2LEMB